00917cam a2200265 i 4500001000300000003000900003005001700012008003900029015001700068020001500085040003500100080000800135080001600143100004700159245008800206250001300294260004300307300004100350504001200391655005000403650002500453710003400478700004100512856009800553bgKOSZ 00520200408130907.0980715s1997 pl a f f |001 0 pol aPB 1997/3210 a8301024402 aWA NcKOSZ 005/HRdKOSZ 005/HR a517 a(075.8+076)1 aKrysicki, Włodzimierzd(1905-2001)eAutor10aAnaliza matematyczna w zadaniach.nCz. 2 /cWłodzimierz Krysicki, Lech Włodarski. aWyd. 21. aWarszawa :bWydaw. Naukowe PWN,c1997. a491, [1] s. :brys., wykr. ;c24 cm. aIndeks. 4aĆwiczenia i zadania dla szkół wyższych 4aAnaliza matematyczna2 aWydawnictwo Naukowe PWN4pbl.1 aWłodarski, Lechd(1916-1997)eAutor uhttp://koha.tu.koszalin.pl/cgi-bin/koha/opac-detail.pl?biblionumber=32514yKatalog online BPK